| 000 | 01570nam a22004217a 4500 | ||
|---|---|---|---|
| 001 | 000106147 | ||
| 003 | CHAP | ||
| 005 | 20220329143835.0 | ||
| 008 | 111201s2011 mx r 00010 spa d | ||
| 010 | _a102609 | ||
| 011 | _a103581 | ||
| 035 | _a114270 | ||
| 040 | _cCHAP | ||
| 090 | _aTesis | ||
| 100 | 1 |
_aPaniagua Cano, Edwin Ildefonso _985087 |
|
| 245 | 1 | 0 |
_aContribución al conocimiento de los manglares de México _h[En línea] _c/por Edwin Iidelfonso Paniagua Cano. |
| 260 |
_aChapingo, Méx. : _bEl autor, _c2011. |
||
| 500 | _aPara ver el contenido del material haga clic en la liga | ||
| 502 | _aTesis (Ing. en Restauración Foresta) -- UACH. División de Ciencias Forestales | ||
| 590 |
_aALEPH _b10 _c20130110 _lUCH01 _h1543 |
||
| 590 |
_aBATCH-UPD _b10 _c20130110 _lUCH01 _h1506 |
||
| 590 |
_aBATCH-UPD _b10 _c20130410 _lUCH01 _h0925 |
||
| 590 |
_aBATCH-UPD _b10 _c20130914 _lUCH01 _h1011 |
||
| 590 |
_aBATCH-UPD _b10 _c20140324 _lUCH01 _h1529 |
||
| 590 |
_aBATCH-UPD _b10 _c20141002 _lUCH01 _h0852 |
||
| 590 |
_aCONVERSION _b10 _c20130109 _lUCH01 _h1356 |
||
| 590 |
_aE11695DGD _b10 _c20170125 _lUCH01 _h1457 |
||
| 650 | 1 | 4 |
_aColor de las plantas. _925454 |
| 650 | 1 | 4 |
_aEcología vegetal. _935188 |
| 650 | 1 | 4 |
_aFlora costera. _941318 |
| 650 | 1 | 4 |
_aManglares. _970393 |
| 856 |
_3Finding aid _uhttp://10.13.5.2/tesis/114270.pdf _zTeclea aqui |
||
| 901 | _aBK | ||
| 942 | _cFOLL | ||
| 942 | _n0 | ||
| 949 |
_aTesis _bBC _cTES _d33724002313884 _eTS1 _gDonaciØn _h53088 _i114270 _st |
||
| 949 |
_aTesis _bBC _cTES _d33724002313926 _eTS2 _fc.2 _gDonaciØn _h53089 _i114270 _st |
||
| 999 |
_c102609 _d102609 |
||